000 00673cam a22002413a 4500
001 7481
003 PGUSA
005 20140828083145.0
008 050201s2005||||xxu|||||s|||||000 1 eng d
040 _aPGUSA
_beng
042 _adc
050 4 _aPR
100 1 _aTrollope, Anthony,
_d1815-1882
245 1 4 _aThe Three Clerks
_h[electronic resource] /
_cAnthony Trollope
260 _bProject Gutenberg,
_c2005
506 _aPublic domain in the USA.
516 _aElectronic text
653 _aCivil service -- Fiction
653 _aLondon (England) -- Fiction
830 0 _aProject Gutenberg
_v7481
856 4 0 _uhttp://www.gutenberg.org/ebooks/7481
942 _cEB
999 _c236801
_d236801